000 004890000a22001930004500
001 002667
003 MACL
005 20150913130601.0
008 150913b xxu||||| |||| 00| 0 eng d
040 _aMACL
_cMACL
041 _aEnglish
082 _a823/BHA
100 _aBhattacharya, Rimli
_910100
245 _aKatha Prize Stories Volume 1
_cRimli Bhattacharya
260 _aNew Delhi
_c1995
_bKatha Prize Stories,
350 _a80
650 _aFiction
_910644
942 _k823
_cBK
_2ddc
999 _c14576
_d14576